[Event "TURNIEJ O PUCHAR UKS PALAC MLODZIEZY KATOWICE Z OKAZJI DNIA NIEPODLEGLOSCI"]
[Site "Centrum Kongresow i Rekreacji Orle Gniazdo ul. Wrzosowa 28a, Szczyrk"]
[Date "1899-12-30"]
[Round "2.29"]
[White "Posluszny, Tomasz"]
[Black "Jaszczuk, Mateusz"]
[Result "1-0"]
[WhiteTitle "II"]
[BlackTitle "II"]
[WhiteElo "1627"]
[BlackElo "1328"]

1. d4 d5 2. c4 c6 3. Nf3 e6 4. cxd5 exd5 5. Nc3 Nf6 6. Bg5 Nbd7 7. e3 Bb4 8. Bd3
Qa5 9. Qc2 O-O 10. Bxf6 Nxf6 11. O-O h6 12. a3 Bxc3 13. bxc3 Qc7 14. Ne5 Nd7 15.
f4 Nxe5 16. fxe5 Qe7 17. Bf5 Be6 18. e4 g6 19. Bxe6 Qxe6 20. exd5 Qxd5 21. Qd2
Kg7 22. Qf4 Qe6 23. Qf6+ Qxf6 24. Rxf6 Rac8 25. Rd1 Rfe8 26. Kf2 c5 27. Rd2 cxd4
28. cxd4 Rc6 29. Rxc6 bxc6 30. Rc2 Re6 31. Rc5 f6 32. Ra5 Re7 33. Kf3 fxe5 34.
dxe5 Rxe5 35. Rxe5 1-0

[Event "TURNIEJ O PUCHAR UKS PALAC MLODZIEZY KATOWICE Z OKAZJI DNIA NIEPODLEGLOSCI"]
[Site "Centrum Kongresow i Rekreacji Orle Gniazdo ul. Wrzosowa 28a, Szczyrk"]
[Date "1899-12-30"]
[Round "2.30"]
[White "Wojtas, Julia"]
[Black "Raclawicki, Kacper"]
[Result "1-0"]
[WhiteTitle "I"]
[BlackTitle "I"]
[WhiteElo "1306"]
[BlackElo "1619"]

1. e4 a6 2. d4 b5 3. Nf3 Bb7 4. Bd3 Nf6 5. e5 Nd5 6. Nc3 Nxc3 7. bxc3 e6 8. O-O
c5 9. Re1 d6 10. Bf4 Be7 11. exd6 Bxd6 12. Ne5 Nc6 13. Qg4 g6 14. Bg5 Be7 15.
Nxf7 Kxf7 16. Qxe6+ Kf8 17. Bh6+ Ke8 18. Be4 Qd7 19. Bxc6 Bxc6 20. Rad1 Qxe6 21.
Rxe6 Kd7 22. Rde1 cxd4 23. Rxe7+ Kd6 24. R1e6+ Kc5 25. cxd4+ Kb6 26. Rf7 Rad8
27. Rff6 Rxd4 28. Rxc6+ Ka5 29. h3 Rhd8 30. Rxa6+ Kb4 31. a3+ Kc3 32. Rfc6+ Kb2
33. Kh2 R4d5 34. Bg7+ Ka2 35. Rcb6 R8d7 36. Bc3 Rc5 37. Bb4 Rxc2 38. Rxb5 Rxf2
39. Rc6 Rd3 40. Rc1 Rb3 41. Rbc5 Kb2 42. Re1 Rd3 43. Re7 h5 44. Rg7 Rd6 45. Rb5
Rc6 46. Bc5+ Kc3 47. Bxf2 Ra6 48. Rc7+ Kd3 49. Rd5+ Ke4 50. Rd8 Rxa3 51. Re7+
Kf5 52. Rf8+ Kg5 53. h4+ Kg4 54. Bc5 Ra4 55. Rd7 Kxh4 56. Rfd8 Kg4 57. Rd4+ Rxd4
58. Rxd4+ Kf5 59. Rd3 g5 60. Rh3 1-0

[Event "TURNIEJ O PUCHAR UKS PALAC MLODZIEZY KATOWICE Z OKAZJI DNIA NIEPODLEGLOSCI"]
[Site "Centrum Kongresow i Rekreacji Orle Gniazdo ul. Wrzosowa 28a, Szczyrk"]
[Date "1899-12-30"]
[Round "3.1"]
[White "Warakomski, Tomasz"]
[Black "Rak, Maciej"]
[Result "1-0"]
[WhiteTitle "IM"]
[BlackTitle "II+"]
[WhiteElo "2485"]
[BlackElo "1748"]

1. e4 c5 2. Nf3 a6 3. c4 e6 4. Nc3 Nc6 5. d4 cxd4 6. Nxd4 Qc7 7. Be3 Bb4 8. Nxc6
Bxc3+ 9. bxc3 dxc6 10. Bc5 Ne7 11. Bd6 Qd7 12. Qd4 O-O 13. c5 Re8 14. Rd1 Ng6
15. e5 b5 16. cxb6 Bb7 17. Qc5 Rad8 18. Be2 Ra8 19. O-O f6 20. exf6 gxf6 21. Rfe1
Qf7 22. Bc4 Bc8 23. f4 f5 24. Qxc6 Bb7 25. Qc7 Qxc7 26. bxc7 Rac8 27. Rxe6 1-0

[Event "TURNIEJ O PUCHAR UKS PALAC MLODZIEZY KATOWICE Z OKAZJI DNIA NIEPODLEGLOSCI"]
[Site "Centrum Kongresow i Rekreacji Orle Gniazdo ul. Wrzosowa 28a, Szczyrk"]
[Date "1899-12-30"]
[Round "3.2"]
[White "Rudecki, Bartosz"]
[Black "Kowalczyk, Rafal"]
[Result "1/2-1/2"]
[WhiteTitle "II+"]
[BlackTitle "k+"]
[WhiteElo "1738"]
[BlackElo "2271"]

1. e4 e5 2. Bc4 Nf6 3. d4 Nxe4 4. dxe5 Nc5 5. Be3 Ne6 6. Nf3 Be7 7. Nc3 d6 8. exd6
Bxd6 9. Qd2 Bb4 10. Qxd8+ Nxd8 11. Bd4 O-O 12. a3 Ba5 13. O-O c6 14. Rfe1 Be6
15. Bf1 h6 16. b4 Bc7 17. Ne4 Nd7 18. c4 b6 19. c5 b5 20. Nc3 a5 21. g3 a4 1/2-1/2

[Event "TURNIEJ O PUCHAR UKS PALAC MLODZIEZY KATOWICE Z OKAZJI DNIA NIEPODLEGLOSCI"]
[Site "Centrum Kongresow i Rekreacji Orle Gniazdo ul. Wrzosowa 28a, Szczyrk"]
[Date "1899-12-30"]
[Round "3.3"]
[White "Goluch, Piotr"]
[Black "Wisniewski, Jacek"]
[Result "1-0"]
[WhiteTitle "FM"]
[BlackTitle "k"]
[WhiteElo "2264"]
[BlackElo "1702"]

1. Nf3 d5 2. c4 d4 3. g3 Nf6 4. Bg2 c5 5. b4 Nc6 6. b5 Nb8 7. O-O g6 8. d3 Bg7
9. Nbd2 O-O 10. Nb3 Nbd7 11. e4 dxe3 12. Bxe3 Qc7 13. Rc1 Ng4 14. Bf4 e5 15. Bd2
f5 16. Ng5 Ndf6 17. h3 Nh6 18. Be3 Rd8 19. Bxc5 Nf7 20. Nxf7 Kxf7 21. Qe2 Be6
22. Rfe1 Nd7 23. Bb4 Rac8 24. d4 Bxc4 25. Rxc4 1-0

[Event "TURNIEJ O PUCHAR UKS PALAC MLODZIEZY KATOWICE Z OKAZJI DNIA NIEPODLEGLOSCI"]
[Site "Centrum Kongresow i Rekreacji Orle Gniazdo ul. Wrzosowa 28a, Szczyrk"]
[Date "1899-12-30"]
[Round "3.4"]
[White "Namyslak, Piotr"]
[Black "Mroziak, Maciej"]
[Result "1-0"]
[WhiteTitle "I"]
[BlackTitle "m"]
[WhiteElo "1696"]
[BlackElo "2207"]

1. c4 Nf6 2. Nc3 d5 3. cxd5 Nxd5 4. d4 g6 5. g3 Bg7 6. Bg2 Nb6 7. Nf3 Nc6 8. e3
O-O 9. O-O Re8 10. b3 e5 11. d5 Nb4 12. e4 Bd7 13. a3 Na6 14. Bb2 c6 15. dxc6
Bxc6 16. Qxd8 Raxd8 17. Rad1 Nc5 18. b4 Nca4 19. Nxa4 Nxa4 20. Rxd8 Rxd8 21. Bxe5
Bxe4 22. Bxg7 Kxg7 23. Re1 f5 24. Ng5 Rd3 25. Nxe4 fxe4 26. Bxe4 Rxa3 27. Bxb7
Rb3 28. Bc6 Rxb4 29. Ra1 Nc5 30. Rxa7+ Nd3 1-0

[Event "TURNIEJ O PUCHAR UKS PALAC MLODZIEZY KATOWICE Z OKAZJI DNIA NIEPODLEGLOSCI"]
[Site "Centrum Kongresow i Rekreacji Orle Gniazdo ul. Wrzosowa 28a, Szczyrk"]
[Date "1899-12-30"]
[Round "3.5"]
[White "Szymczak, Zbigniew"]
[Black "Tylenda, Krzysztof"]
[Result "0-1"]
[WhiteTitle "IM"]
[BlackTitle "I"]
[WhiteElo "2190"]
[BlackElo "1688"]

1. d4 e6 2. Nf3 Nf6 3. c4 d5 4. g3 Be7 5. Bg2 dxc4 6. O-O Nbd7 7. Qa4 O-O 8. Qxc4
Nb6 9. Qc2 Bd7 10. Ne5 Rb8 11. Nc3 Nfd5 12. e4 Nb4 13. Qe2 Nc6 14. Nxc6 Bxc6 15.
Rd1 Ba4 16. Nxa4 Nxa4 17. Be3 Nb6 18. Rac1 c6 19. h4 Bd6 20. h5 h6 21. Qg4 Kh8
22. f4 f5 23. exf5 exf5 24. Qe2 Re8 25. Qd3 Nd5 26. Bf2 Qf6 27. Re1 Nb4 28. Qb1
Bc7 29. a3 Nd5 30. Bxd5 cxd5 31. Rxc7 Rxe1+ 32. Bxe1 Qxd4+ 33. Bf2 Qf6 34. Bxa7
Re8 35. Bf2 Qd6 36. Rxb7 d4 37. Qd3 Qd5 38. Rb5 Qc6 39. Qxf5 Rc8 40. Re5 Qc1+
41. Re1 Qc6 42. Bxd4 Qf3 43. Qg6 Rg8 44. Re7 0-1

[Event "TURNIEJ O PUCHAR UKS PALAC MLODZIEZY KATOWICE Z OKAZJI DNIA NIEPODLEGLOSCI"]
[Site "Centrum Kongresow i Rekreacji Orle Gniazdo ul. Wrzosowa 28a, Szczyrk"]
[Date "1899-12-30"]
[Round "3.6"]
[White "Dytman, Radoslaw"]
[Black "Markiewicz, Jerzy"]
[Result "0-1"]
[WhiteTitle "I"]
[BlackTitle "FM"]
[WhiteElo "1689"]
[BlackElo "2175"]

1. e4 c5 2. Nf3 e6 3. d4 cxd4 4. Nxd4 a6 5. Nc3 Qc7 6. g3 Nc6 7. Bg2 Nf6 8. O-O
Be7 9. Nxc6 bxc6 10. Be3 e5 11. f4 d6 12. Qd2 Ng4 13. Rad1 Nxe3 14. Qxe3 O-O 15.
f5 Rb8 16. b3 Qb6 17. Qxb6 Rxb6 18. Na4 Rb8 19. c4 Rd8 20. Rd3 Bb7 21. Rfd1 a5
22. h4 Kf8 23. Kf2 g6 24. fxg6 hxg6 25. Rh1 f5 26. h5 fxe4 27. Bxe4 d5 28. cxd5
cxd5 29. Bxg6 e4 30. Rdd1 Kg7 31. Ke3 Bg5+ 32. Kd4 Bf6+ 33. Ke3 Rbc8 34. Bf5 Rc2
35. h6+ Kf7 36. Rh5 d4+ 37. Kf4 Rf2+ 38. Kg4 Rg8+ 39. Kh3 e3 40. h7 Bg2+ 41. Kh2
Bf3+ 0-1

[Event "TURNIEJ O PUCHAR UKS PALAC MLODZIEZY KATOWICE Z OKAZJI DNIA NIEPODLEGLOSCI"]
[Site "Centrum Kongresow i Rekreacji Orle Gniazdo ul. Wrzosowa 28a, Szczyrk"]
[Date "1899-12-30"]
[Round "3.7"]
[White "Urbanski, Grzegorz"]
[Black "Trybowska, Barbara"]
[Result "1-0"]
[WhiteTitle "k"]
[BlackTitle "I"]
[WhiteElo "2164"]
[BlackElo "1665"]

1. e4 e5 2. Nf3 Nc6 3. Bc4 Bc5 4. c3 d6 5. O-O h6 6. d4 exd4 7. cxd4 Bb6 8. h3
Nge7 9. Nc3 O-O 10. Bf4 Ng6 11. Bg3 Nce7 12. a4 a6 13. a5 Ba7 14. Qb3 Nh8 15.
Rfe1 c6 16. Qa3 Bb8 17. d5 cxd5 18. Nxd5 Be6 19. Rad1 Bxd5 20. Bxd5 Qc7 21. Ba2
Rd8 22. e5 Nf5 23. exd6 Qd7 24. Bh2 Ng6 25. Bb1 Ba7 26. Qd3 Nxd6 27. Bxd6 Nf4
28. Qh7# 1-0

[Event "TURNIEJ O PUCHAR UKS PALAC MLODZIEZY KATOWICE Z OKAZJI DNIA NIEPODLEGLOSCI"]
[Site "Centrum Kongresow i Rekreacji Orle Gniazdo ul. Wrzosowa 28a, Szczyrk"]
[Date "1899-12-30"]
[Round "3.8"]
[White "Dixa, Stanislaw"]
[Black "Turlej, Lukasz"]
[Result "0-1"]
[WhiteTitle "I"]
[BlackTitle "k"]
[WhiteElo "1667"]
[BlackElo "2090"]

1. e4 c5 2. Nf3 Nc6 3. d4 cxd4 4. Nxd4 Nf6 5. Nc3 e5 6. Ndb5 d6 7. Bg5 a6 8. Na3
b5 9. Nd5 Be7 10. Bxf6 Bxf6 11. Nxf6+ Qxf6 12. c3 Qg6 13. f3 O-O 14. Nc2 Kh8 15.
Ne3 f5 16. Nxf5 Bxf5 17. exf5 Rxf5 18. Qd5 Rc8 19. Bd3 e4 20. Bxe4 Rxd5 21. Bxg6
hxg6 22. Rd1 Re8+ 23. Kf2 Rxd1 24. Rxd1 Re6 25. Rd5 Kg8 26. h4 Kf7 27. g4 Ne5
28. Kg3 Nc4 29. b3 Nb6 30. Rd4 Ke7 31. Rd3 0-1

[Event "TURNIEJ O PUCHAR UKS PALAC MLODZIEZY KATOWICE Z OKAZJI DNIA NIEPODLEGLOSCI"]
[Site "Centrum Kongresow i Rekreacji Orle Gniazdo ul. Wrzosowa 28a, Szczyrk"]
[Date "1899-12-30"]
[Round "3.9"]
[White "Prohorov, Olexandr"]
[Black "Posluszny, Tomasz"]
[Result "1-0"]
[WhiteTitle "k"]
[BlackTitle "II"]
[WhiteElo "2074"]
[BlackElo "1627"]

1. d4 e6 2. c4 f5 3. Nc3 Nf6 4. g3 d5 5. Bg2 c6 6. Nh3 Bd6 7. O-O O-O 8. Bf4 Bxf4
9. Nxf4 Bd7 10. Qb3 Qc7 11. Rac1 Qb6 12. Na4 Qxb3 13. axb3 b6 14. Nd3 Ne4 15.
Rfd1 Be8 16. Ne5 Na6 17. Nc3 Nxc3 18. bxc3 Nc7 19. Ra1 a5 20. f3 g5 21. e4 fxe4
22. fxe4 dxc4 23. Nxc4 b5 24. Nxa5 Bh5 25. Rf1 Rxf1+ 26. Kxf1 Rf8+ 27. Kg1 Bf3
28. Nxc6 Bxg2 29. Kxg2 Kf7 30. Ra7 Rc8 31. d5 exd5 32. exd5 Ke8 33. d6 Nd5 34.
Ne5 Rxc3 35. Ra8+ 1-0

[Event "TURNIEJ O PUCHAR UKS PALAC MLODZIEZY KATOWICE Z OKAZJI DNIA NIEPODLEGLOSCI"]
[Site "Centrum Kongresow i Rekreacji Orle Gniazdo ul. Wrzosowa 28a, Szczyrk"]
[Date "1899-12-30"]
[Round "3.10"]
[White "Pluta, Natalia"]
[Black "Rozycki, Bartlomiej"]
[Result "0-1"]
[WhiteTitle "I"]
[BlackTitle "k++"]
[WhiteElo "1652"]
[BlackElo "2061"]

1. c4 e5 2. g3 Nc6 3. Nc3 Nf6 4. Bg2 Bb4 5. Nd5 Nxd5 6. cxd5 Ne7 7. a3 Ba5 8. b4
Bb6 9. Bb2 d6 10. d4 exd4 11. Bxd4 O-O 12. e4 f5 13. e5 Bxd4 14. Qxd4 dxe5 15.
Qxe5 Ng6 16. Qb2 f4 17. O-O-O Bg4 18. Re1 Qg5 19. Kb1 f3 20. Bh3 Bxh3 21. Nxh3
Qf5+ 22. Qc2 Qxh3 23. Qxc7 Rac8 24. Qxb7 Qf5+ 25. Ka1 Rc2 26. Qa6 Qxd5 27. Qe6+
Qxe6 28. Rxe6 Rxf2 29. Ra6 Re2 30. Rf1 f2 31. Rxf2 Rfxf2 32. Rxa7 Re1# 0-1

[Event "TURNIEJ O PUCHAR UKS PALAC MLODZIEZY KATOWICE Z OKAZJI DNIA NIEPODLEGLOSCI"]
[Site "Centrum Kongresow i Rekreacji Orle Gniazdo ul. Wrzosowa 28a, Szczyrk"]
[Date "1899-12-30"]
[Round "3.11"]
[White "Wacior, Maciej"]
[Black "Zylinski, Piotr"]
[Result "0-1"]
[WhiteTitle "I++"]
[BlackTitle "I"]
[WhiteElo "1960"]
[BlackElo "1618"]

1. d4 d5 2. Nf3 Nf6 3. Bf4 Bf5 4. e3 e6 5. Bd3 Bg6 6. c3 Bd6 7. Bg3 O-O 8. Qc2
Ne4 9. Nbd2 Nxd2 10. Qxd2 c5 11. O-O Nc6 12. Rfe1 c4 13. Bxg6 hxg6 14. e4 Bxg3
15. hxg3 dxe4 16. Rxe4 Qf6 17. Rf4 Qe7 18. Re1 Rad8 19. Qe2 Rd7 20. Qxc4 Rfd8
21. Qe2 Qd6 22. Rh4 Re8 23. Qe4 Qd5 24. Qg4 Qf5 25. Qxf5 gxf5 26. g4 fxg4 27.
Rxg4 g6 28. g3 Rd5 29. Rge4 Rf5 30. Nd2 Ra5 31. a3 Rb5 32. Nc4 Rd8 33. b4 Rbd5
34. Kg2 b5 35. Ne3 R5d7 36. Ng4 Kg7 37. R4e3 Ne7 38. Ne5 Rc7 39. Rf3 Nd5 40. Rc1
Rdc8 41. g4 f6 42. Nd3 Rxc3 43. Rxc3 Rxc3 44. Nc5 Kf7 45. Na6 Rc4 46. Rh3 Kg7
47. Nc5 Nf4+ 48. Kg3 Nxh3 49. Kxh3 Kf7 50. Kg2 Rxd4 51. Na6 Rd3 52. Nc7 Rxa3 53.
Nxb5 Ra4 54. f3 a6 55. Nc7 Ra2+ 56. Kg3 a5 57. bxa5 Rxa5 0-1

[Event "TURNIEJ O PUCHAR UKS PALAC MLODZIEZY KATOWICE Z OKAZJI DNIA NIEPODLEGLOSCI"]
[Site "Centrum Kongresow i Rekreacji Orle Gniazdo ul. Wrzosowa 28a, Szczyrk"]
[Date "1899-12-30"]
[Round "3.13"]
[White "Gredka, Dominika"]
[Black "Jankowiak, Tomasz"]
[Result "0-1"]
[WhiteTitle "I++"]
[BlackTitle "I"]
[WhiteElo "1614"]
[BlackElo "1895"]

1. e4 c5 2. c3 g6 3. d4 cxd4 4. cxd4 d5 5. e5 Nc6 6. Nf3 Bg7 7. Be3 Nh6 8. Nc3
Bg4 9. Be2 O-O 10. h3 Bxf3 11. Bxf3 Nf5 12. Bxd5 e6 13. Bxc6 bxc6 14. O-O c5 15.
dxc5 Nxe3 16. fxe3 Bxe5 17. Qc2 Rb8 18. a3 Qg5 19. Rf3 Rfc8 20. b4 a5 21. Ne4
Qe7 22. Raf1 f5 23. Nd2 axb4 24. axb4 Rxb4 25. Nb3 Rcb8 26. Nd4 Bxd4 27. exd4
Rxd4 28. c6 Qc7 29. Qc3 Rd6 30. Rc1 Rb6 31. Qa3 Rbxc6 32. Qa8+ Kg7 33. Rxc6 Qxc6
34. Qa7+ Rd7 35. Qa1+ Kf7 36. Rc3 Qb6+ 37. Kh2 Qd4 38. Qa3 h5 39. Rc1 Qe5+ 40.
Kh1 Qd6 41. Qe3 Qd2 42. Qa3 Qd6 43. Qe3 Qd4 44. Qa3 e5 45. Rc3 e4 46. Rc1 Qd6
47. Qb3+ Qe6 0-1

[Event "TURNIEJ O PUCHAR UKS PALAC MLODZIEZY KATOWICE Z OKAZJI DNIA NIEPODLEGLOSCI"]
[Site "Centrum Kongresow i Rekreacji Orle Gniazdo ul. Wrzosowa 28a, Szczyrk"]
[Date "1899-12-30"]
[Round "3.15"]
[White "Karwat, Szymon"]
[Black "Poplawski, Maciej"]
[Result "0-1"]
[WhiteTitle "II"]
[BlackTitle "I"]
[WhiteElo "1603"]
[BlackElo "1839"]

1. e4 c6 2. d4 d5 3. Nc3 dxe4 4. Nxe4 Nf6 5. Ng3 g6 6. Nh3 Bxh3 7. gxh3 Bg7 8.
c3 Nbd7 9. Bd3 O-O 10. Bd2 e5 11. Be3 exd4 12. Bxd4 Re8+ 13. Ne2 c5 14. Be3 Qc7
15. Qc2 c4 16. O-O-O cxd3 17. Rxd3 Ne5 18. Rd4 Nc6 19. Rd3 Rac8 20. Rhd1 Nb4 21.
Qb3 Nxd3+ 22. Rxd3 Rcd8 23. Bf4 Qc8 24. Nd4 Ne4 25. Qc2 Bxd4 26. cxd4 Qxc2+ 27.
Kxc2 Nxf2 28. Be5 Nxd3 0-1

[Event "TURNIEJ O PUCHAR UKS PALAC MLODZIEZY KATOWICE Z OKAZJI DNIA NIEPODLEGLOSCI"]
[Site "Centrum Kongresow i Rekreacji Orle Gniazdo ul. Wrzosowa 28a, Szczyrk"]
[Date "1899-12-30"]
[Round "3.16"]
[White "Banasik, Henryk"]
[Black "Wojtas, Julia"]
[Result "1-0"]
[WhiteTitle "k"]
[BlackTitle "I"]
[WhiteElo "1805"]
[BlackElo "1306"]

1. e4 c5 2. Nf3 d6 3. d4 cxd4 4. Nxd4 Nf6 5. Nc3 a6 6. Bg5 Nbd7 7. f4 b5 8. Bxf6
Nxf6 9. Qf3 Bb7 10. O-O-O e6 11. Bd3 Be7 12. g4 O-O 13. g5 Nd7 14. h4 b4 15. Nce2
e5 16. Nf5 Nc5 17. Neg3 Rc8 18. Kb1 exf4 19. Qxf4 d5 20. exd5 Bxd5 21. Bc4 g6
22. Rxd5 Qc7 23. Qxc7 Rxc7 24. Nxe7+ Rxe7 25. Rxc5 Rfe8 26. b3 Re3 27. Rg1 a5
28. Rc7 R8e7 29. Rxe7 Rxe7 30. Rf1 Kf8 31. h5 gxh5 32. Nxh5 Kg8 33. Rxf7 Rxf7
34. Nf6+ 1-0

[Event "TURNIEJ O PUCHAR UKS PALAC MLODZIEZY KATOWICE Z OKAZJI DNIA NIEPODLEGLOSCI"]
[Site "Centrum Kongresow i Rekreacji Orle Gniazdo ul. Wrzosowa 28a, Szczyrk"]
[Date "1899-12-30"]
[Round "3.19"]
[White "Golinski, Kacper"]
[Black "Lorenc, Marian"]
[Result "1/2-1/2"]
[WhiteTitle "II"]
[BlackTitle "k"]
[WhiteElo "1300"]
[BlackElo "1956"]

1. e4 c5 2. Nf3 Nc6 3. Bb5 e6 4. O-O Nge7 5. d3 a6 6. Bxc6 Nxc6 7. Nc3 d6 8. Be3
e5 9. Nd2 Be7 10. f4 exf4 11. Rxf4 Bg5 12. Rf3 Bxe3+ 13. Rxe3 O-O 14. Nf3 Nd4
15. h3 Be6 16. Re1 Nxf3+ 17. Qxf3 Qb6 18. b3 Qb4 19. Ne2 Rad8 20. Ng3 d5 21. Nf5
Bxf5 22. exf5 Rd6 23. Rf1 Qd4+ 24. Kh1 Re8 25. Rae1 Re5 26. Rxe5 Qxe5 27. Qf2
Rc6 28. Re1 Qb8 29. Qf3 Rd6 30. Qe3 Rd8 31. Qxc5 h6 32. Qf2 d4 33. f6 Qd6 34.
fxg7 Kxg7 35. Qe2 Rg8 36. Kg1 Kh7 37. Qe4+ Rg6 38. Qe7 Qd5 39. Qe4 Qc5 40. Qe2
Re6 41. Qd1 Rxe1+ 42. Qxe1 Qxc2 43. Qe4+ Kg7 44. Qe5+ Kg8 45. Qb8+ 1/2-1/2

[Event "TURNIEJ O PUCHAR UKS PALAC MLODZIEZY KATOWICE Z OKAZJI DNIA NIEPODLEGLOSCI"]
[Site "Centrum Kongresow i Rekreacji Orle Gniazdo ul. Wrzosowa 28a, Szczyrk"]
[Date "1899-12-30"]
[Round "3.20"]
[White "Kawalko, Adam"]
[Black "Koseski, Damian"]
[Result "1-0"]
[WhiteTitle "II+"]
[BlackTitle "I"]
[WhiteElo "1703"]
[BlackElo "1611"]

1. e4 c5 2. Nf3 d6 3. d4 Nf6 4. Nc3 cxd4 5. Nxd4 g6 6. Be3 Bg7 7. Be2 O-O 8. O-O
Nc6 9. Re1 Bd7 10. Qd2 a6 11. a4 Rc8 12. Rad1 Nxd4 13. Bxd4 Bc6 14. f3 Nd7 15.
Bxg7 Kxg7 16. Rc1 Qb6+ 17. Kh1 Qxb2 18. Nd5 Rfe8 19. a5 e6 20. Nf4 Qe5 21. Red1
d5 22. exd5 exd5 23. Bf1 Nf6 24. Nd3 Qf5 25. Nb4 Rcd8 26. Bd3 Qd7 27. Na2 Bb5
28. Nc3 Bc6 29. Ne2 Qd6 30. Nd4 Qc5 31. Nb3 Qe3 32. Qb4 d4 33. Re1 Qf4 34. Rxe8
Nxe8 35. Rd1 Nc7 36. Bc4 Bxf3 37. Rf1 Bxg2+ 38. Kxg2 Qg4+ 39. Kh1 Qe4+ 40. Kg1
Qg4+ 41. Kf2 Qh4+ 42. Ke2 Re8+ 43. Kd1 Qg4+ 44. Kc1 Ne6 45. Bxe6 Rxe6 46. Qxd4+
f6 47. Qxg4 1-0

[Event "TURNIEJ O PUCHAR UKS PALAC MLODZIEZY KATOWICE Z OKAZJI DNIA NIEPODLEGLOSCI"]
[Site "Centrum Kongresow i Rekreacji Orle Gniazdo ul. Wrzosowa 28a, Szczyrk"]
[Date "1899-12-30"]
[Round "3.21"]
[White "Olsztynski, Andrzej"]
[Black "Przepiora, Anna"]
[Result "1/2-1/2"]
[WhiteTitle "II"]
[BlackTitle "II+"]
[WhiteElo "1420"]
[BlackElo "1354"]

1. e4 c5 2. Nf3 Nc6 3. c3 Nf6 4. e5 Nd5 5. Bc4 Nb6 6. Bb3 e6 7. O-O d6 8. Re1 Be7
9. d4 cxd4 10. cxd4 O-O 11. Nc3 a6 12. Bc2 dxe5 13. Qd3 g6 14. Bh6 Nb4 15. Qd1
Nxc2 16. Qxc2 Re8 17. dxe5 Bf8 18. Bg5 Be7 19. Bh6 Bf8 20. Bg5 1/2-1/2

[Event "TURNIEJ O PUCHAR UKS PALAC MLODZIEZY KATOWICE Z OKAZJI DNIA NIEPODLEGLOSCI"]
[Site "Centrum Kongresow i Rekreacji Orle Gniazdo ul. Wrzosowa 28a, Szczyrk"]
[Date "1899-12-30"]
[Round "3.22"]
[White "Mocko, Maciej"]
[Black "Miasik, Adrian"]
[Result "0-1"]
[WhiteTitle "II"]
[BlackTitle "I"]
[WhiteElo "1315"]
[BlackElo "1732"]

1. e4 e5 2. Nf3 Nc6 3. Bc4 Bc5 4. c3 Qe7 5. O-O Nf6 6. d3 h6 7. Nbd2 O-O 8. Nb3
Bb6 9. Bd2 d6 10. a4 a6 11. a5 Ba7 12. Re1 Bg4 13. Be3 Nh5 14. Bxa7 Rxa7 15. h3
Be6 16. Bxe6 Qxe6 17. Nbd2 Nf4 18. Nc4 Qf6 19. Ne3 Ne7 20. d4 Neg6 21. dxe5 dxe5
22. Ng4 Qe7 23. b4 Raa8 24. Qb3 h5 25. Ne3 Qf6 26. Nd5 Nxd5 27. Qxd5 c6 28. Qd7
Nf4 29. Qxb7 Nxh3+ 30. gxh3 Qxf3 31. Qxc6 Qxh3 32. Qd5 Qg4+ 33. Kf1 Qf4 34. Rad1
h4 35. Re3 Qf6 36. Rdd3 Rad8 37. Qc4 Rxd3 38. Qxd3 Rd8 39. Qe2 Qe6 40. Qh5 Qf6
41. Rh3 g5 42. Qg4 Qf4 43. Qxf4 exf4 44. Ke2 Kg7 45. f3 Kg6 46. Rh1 f5 47. exf5+
Kxf5 48. Kf2 Rd2+ 49. Ke1 Rc2 50. Kd1 Rxc3 51. Rh2 Rxf3 52. b5 Rd3+ 53. b6 0-1

[Event "TURNIEJ O PUCHAR UKS PALAC MLODZIEZY KATOWICE Z OKAZJI DNIA NIEPODLEGLOSCI"]
[Site "Centrum Kongresow i Rekreacji Orle Gniazdo ul. Wrzosowa 28a, Szczyrk"]
[Date "1899-12-30"]
[Round "3.23"]
[White "Bartkiewicz, Pawel"]
[Black "Guzik, Michal"]
[Result "1/2-1/2"]
[WhiteTitle "I"]
[BlackTitle "II"]
[WhiteElo "1698"]
[BlackElo "1298"]

1. e4 c6 2. Nc3 e6 3. d4 d5 4. exd5 cxd5 5. a3 Nf6 6. Bd3 Nc6 7. Nf3 Be7 8. Qe2
O-O 9. O-O Bd7 10. Be3 a6 11. Ne5 Rc8 12. Kh1 Nxe5 13. dxe5 Ne8 14. f4 Nc7 15.
Bb6 Qe8 16. Rf3 g6 17. Rh3 Nb5 18. Na4 f6 19. Bg1 fxe5 20. fxe5 Qf7 21. Nb6 Rc7
22. Nxd7 Rxd7 23. Bxb5 axb5 24. Qxb5 Rc7 25. Rf3 Qg7 26. Bd4 Rxc2 27. Qxb7 Rxf3
28. gxf3 Qh6 29. Bg1 Bf8 30. Qa6 Qg5 31. Qxe6+ Kg7 32. Qf6+ Qxf6 33. exf6+ Kxf6
34. Rd1 Ke6 35. Bd4 Bd6 36. Re1+ Kd7 37. Be5 Bxe5 38. Rxe5 Kd6 39. Re3 Rxb2 40.
Rd3 1/2-1/2

[Event "TURNIEJ O PUCHAR UKS PALAC MLODZIEZY KATOWICE Z OKAZJI DNIA NIEPODLEGLOSCI"]
[Site "Centrum Kongresow i Rekreacji Orle Gniazdo ul. Wrzosowa 28a, Szczyrk"]
[Date "1899-12-30"]
[Round "3.24"]
[White "Raclawicki, Kacper"]
[Black "Kalkowski, Igor"]
[Result "0-1"]
[WhiteTitle "I"]
[BlackTitle "II"]
[WhiteElo "1619"]
[BlackElo "1284"]

1. e4 c5 2. Nf3 g6 3. d4 cxd4 4. Nxd4 Nc6 5. Nc3 Bg7 6. Be3 Nf6 7. f3 O-O 8. Qd2
d5 9. O-O-O Nxd4 10. Bxd4 dxe4 11. Nxe4 Nxe4 12. fxe4 Be6 13. Kb1 Bxd4 14. Qxd4
Qa5 15. Bd3 Qxa2+ 16. Kc1 Rfd8 17. Qe5 Rac8 18. h4 h5 19. Rhf1 Qa4 20. Rf2 Rd7
21. Rdf1 Rxd3 22. Kb1 Qa2+ 0-1

[Event "TURNIEJ O PUCHAR UKS PALAC MLODZIEZY KATOWICE Z OKAZJI DNIA NIEPODLEGLOSCI"]
[Site "Centrum Kongresow i Rekreacji Orle Gniazdo ul. Wrzosowa 28a, Szczyrk"]
[Date "1899-12-30"]
[Round "3.25"]
[White "Majdecki, Robert"]
[Black "Wasala, Wiktoria"]
[Result "0-1"]
[WhiteTitle "II"]
[BlackTitle "I"]
[WhiteElo "1589"]
[BlackElo "1271"]

1. d4 c5 2. d5 e5 3. c4 d6 4. Nc3 Be7 5. e4 Bg5 6. Nf3 Bxc1 7. Rxc1 f5 8. Bd3 Ne7
9. Nd2 O-O 10. O-O Qe8 11. Qe2 Qg6 12. Qe3 f4 13. Qe1 Bh3 14. g3 Bxf1 15. Nxf1
Qg4 16. Qe2 f3 17. Qd2 Nd7 18. Ne3 Qh3 19. Bf1 Qh6 20. Rd1 Nf6 21. Nf5 Nxf5 22.
exf5 Ng4 23. Qxh6 Nxh6 24. Bd3 Nxf5 25. Bxf5 Rxf5 26. Ne4 Rd8 27. a3 Rf7 28. b4
cxb4 29. axb4 Rc7 30. c5 dxc5 31. bxc5 a5 32. d6 Rc6 33. Rb1 Rd7 34. Kf1 a4 35.
Ke1 a3 36. Ra1 Ra6 37. Kd2 Kf7 38. Kc3 Ke6 39. Kc4 Ra4+ 40. Kd3 Kd5 41. Nc3+ Kxc5
42. Nxa4+ Kxd6 43. Ke4 b5 44. Nc3 Kc5 45. Rxa3 b4 46. Rb3 Kc4 47. Rb1 bxc3 48.
Rb8 Rd4+ 49. Kxe5 Kd3 50. Rc8 Rd7 51. Kf4 c2 52. Kxf3 Kd2 0-1

[Event "TURNIEJ O PUCHAR UKS PALAC MLODZIEZY KATOWICE Z OKAZJI DNIA NIEPODLEGLOSCI"]
[Site "Centrum Kongresow i Rekreacji Orle Gniazdo ul. Wrzosowa 28a, Szczyrk"]
[Date "1899-12-30"]
[Round "3.27"]
[White "Gazda, Dominik"]
[Black "Jarzebowski, Kacper"]
[Result "1/2-1/2"]
[WhiteTitle "II+"]
[BlackTitle "I+"]
[WhiteElo "1294"]
[BlackElo "1561"]

1. e4 c5 2. Nf3 a6 3. c4 d6 4. Nc3 Nc6 5. d4 cxd4 6. Nxd4 Nf6 7. Be3 g6 8. f3 Bg7
9. Be2 Bd7 10. Qd2 O-O 11. O-O Rc8 12. b3 Qc7 13. Nd5 Nxd5 14. exd5 Nxd4 15. Bxd4
e5 16. Be3 f5 17. Bh6 Qc5+ 18. Kh1 f4 19. Bxg7 Kxg7 20. Bd3 Qd4 21. Rad1 b5 22.
Be2 Qb6 23. Rb1 Bf5 24. Bd3 Qd4 25. Rbd1 Bxd3 26. Qxd3 Qxd3 27. Rxd3 bxc4 28.
bxc4 Rxc4 29. Ra3 Rd4 30. Rxa6 Rxd5 31. h4 Rd2 32. Ra7+ Kh6 33. Kh2 Rc8 34. Rg1
Rcc2 35. Kh3 Rxa2 36. Rd7 d5 37. h5 gxh5 38. Rd6+ Kg5 39. Rd7 e4 40. fxe4 dxe4
41. Rxh7 e3 42. Re7 e2 43. Re1 Ra3+ 44. Kh2 Re3 45. Rxe3 fxe3 46. Kg3 Ra2 47.
Kf3 Kh4 48. Rh1+ Kg5 49. Re1 h4 50. Kxe3 Kg4 51. Kf2 Kf4 52. Rxe2 Ra7 53. Rc2
Ra4 54. Rb2 Kg4 55. Rc2 Rf4+ 56. Kg1 Re4 57. Kf2 Kf4 58. Rc8 Ra4 59. Rf8+ Kg5
60. Rg8+ Kf6 61. Rf8+ Kg7 62. Rf5 Kg6 63. Rc5 Rg4 64. Rb5 Ra4 65. Rc5 1/2-1/2